[Event "Mainz sim"]
[Site "Mainz"]
[Date "2007.08.13"]
[Round "?"]
[White "Ivanchuk, Vassily"]
[Black "Post, Hans Dieter"]
[Result "1-0"]
[WhiteElo "2762"]
[BlackElo "1853"]
[PlyCount "53"]
[EventDate "2007.08.13"]
[EventType "simul"]
[EventRounds "1"]
[EventCountry "GER"]
[SourceTitle "CBM 119 Extra"]
[Source "ChessBase"]
[SourceDate "2007.09.04"]
[SourceVersion "1"]
[SourceVersionDate "2007.09.04"]
[SourceQuality "1"]

1. Nf3 d5 2. d4 Nf6 3. c4 c6 4. Nc3 g6 5. Bf4 a6 6. e3 Bg7 7. h3 0-0 8. Rc1 Nh5 9. Bh2 Be6 10. Ng5 Bh6 11. Nxe6 fxe6 12. Qb3 b5 13. cxb5 axb5 14. Bd3 Nd7 15. 0-0 e5 16. Bxe5 Nxe5 17. dxe5 e6 18. a4 Qh4 19. axb5 Rxf2 20. Rxf2 Bxe3 21. Rcf1 Nf4 22. Ne2 Ra1 23. Kh2 g5 24. Rxf4 Bxf4+ 25. Nxf4 Rxf1 26. Bxf1 Qxf4+ 27. Qg3 1-0